| 000 | 01550cam a2200385 a 4500 | ||
|---|---|---|---|
| 001 | 14887934 | ||
| 003 | OSt | ||
| 005 | 20150805145454.0 | ||
| 008 | 070612s2005 enka f b 001 0 eng c | ||
| 010 | _a 2007297791 | ||
| 020 | _a9781121903777 | ||
| 020 | _a1121903770 | ||
| 035 | _a(OCoLC)ocm59169162 | ||
| 035 | _a(OCoLC)59169162 | ||
| 040 | _aSEKU | ||
| 042 | _apcc | ||
| 050 | 0 | 0 |
_aHA 32 _b.S6 2013 |
| 245 | 1 | 0 | _aSPSS survival manual |
| 250 | _a5th ed. | ||
| 260 |
_aMaidenhead, Berkshire. U.K. ; _aNew York, NY : _bOpen University Press, _cc2005. |
||
| 300 |
_axvi, 318 p. : _bill. ; _c26 cm. |
||
| 500 | _aSpiral bound. | ||
| 504 | _aIncludes bibliographical references (p. 313-315) and index. | ||
| 630 | 0 | 0 | _aSPSS for Windows. |
| 630 | 0 | 6 | _aSPSS pour Windows (Logiciel) |
| 650 | 0 |
_aSocial sciences _xResearch _xStatistical methods. |
|
| 650 | 0 |
_aSocial sciences _xStatistical methods _xComputer programs. |
|
| 650 | 6 |
_aSciences sociales _xRecherche _xMéthodes statistiques _vGuides, manuels, etc. |
|
| 650 | 6 |
_aSciences sociales _xMéthodes statistiques _xLogiciels _vGuides, manuels, etc. |
|
| 650 | 6 |
_aSciences sociales _xMéthodes statistiques _xInformatique _vGuides, manuels, etc. |
|
| 856 | 4 | 1 |
_3Table of contents only _uhttp://www.loc.gov/catdir/enhancements/fy0737/2007297791-t.html |
| 856 | 4 | 2 |
_3Publisher description _uhttp://www.loc.gov/catdir/enhancements/fy0737/2007297791-d.html |
| 856 | 4 | 2 |
_3Contributor biographical information _uhttp://www.loc.gov/catdir/enhancements/fy0737/2007297791-b.html |
| 942 |
_2lcc _cGEN |
||
| 999 |
_c8419 _d8419 |
||